Países com maior número de lagos - Statistics

Estatísticas Gerais
  • Esse quiz foi jogado 69 vezes
  • A pontuação média é 8 de 10
Estatísticas das Respostas
Países % Correto
20.900 Brasil
100%
102.500 Estados Unidos
100%
879.800 Canadá
97%
23.800 China
94%
201.200 Rússia
94%
13.600 Argentina
83%
11.400 Austrália
81%
20.000 Noruega
60%
22.600 Suécia
56%
12.400 Cazaquistão
40%
Nenhum quiz correspondente encontrado
Distribuição das Pontuações
Porcentagem de Pessoas com Cada Pontuação
Percentil de Números Respondidos
Sua Pontuação Histórica
Você não jogou esse quiz